| 000 -LEADER |
| fixed length control field |
01277nam a2200253Ia 4500 |
| 001 - CONTROL NUMBER |
| control field |
18147 |
| 003 - CONTROL NUMBER IDENTIFIER |
| control field |
GE_BSU |
| 008 - FIXED-LENGTH DATA ELEMENTS--GENERAL INFORMATION |
| fixed length control field |
181216s||||||||xx |||||||||||||| ||und|| |
| 020 ## - INTERNATIONAL STANDARD BOOK NUMBER |
| International Standard Book Number |
99928-30-11-5 |
| 040 ## - CATALOGING SOURCE |
| Transcribing agency |
GE_BSU |
| 080 ## - UNIVERSAL DECIMAL CLASSIFICATION NUMBER |
| Universal Decimal Classification number |
003.323.1 + 003.334.2 |
| 100 ## - MAIN ENTRY--PERSONAL NAME |
| Personal name |
ქაფიანიძე, ზურაბ., მიბჩუანი, თეიმურაზ |
| 245 ## - TITLE STATEMENT |
| Title |
შუმერულ-ქართული პარალელები.კაცობრიობის პირველი ანბანი შუმერულ-ქართული ასომთავრული |
| 245 ## - TITLE STATEMENT |
| Statement of responsibility, etc. |
რედ.: გიორგი ციციშვილი |
| 260 ## - PUBLICATION, DISTRIBUTION, ETC. |
| Place of publication, distribution, etc. |
თბილისი |
| 260 ## - PUBLICATION, DISTRIBUTION, ETC. |
| Name of publisher, distributor, etc. |
შ.პ.ს. "ფორმა |
| 260 ## - PUBLICATION, DISTRIBUTION, ETC. |
| Date of publication, distribution, etc. |
2002 |
| 300 ## - PHYSICAL DESCRIPTION |
| Extent |
504გვ. : 87ილ. ; 29სმ. |
| 520 ## - SUMMARY, ETC. |
| Summary, etc. |
პარალ სათ. ინგლ.ენ. |
| 653 ## - INDEX TERM--UNCONTROLLED |
| Uncontrolled term |
შუმერული ანბანი; ქართული ანბანი |
| 653 ## - INDEX TERM--UNCONTROLLED |
| Uncontrolled term |
შუმერულ-ქართული პარალელები.კაცობრიობის პირველი ანბანი შუმერულ-ქართული ასომთავრული |
| 942 ## - ADDED ENTRY ELEMENTS (KOHA) |
| Koha item type |
წიგნი |